Üzleti angyalok és informális befektetők Magyarországon a Global Entrepreneurship Monitor 2021–2024 adatai alapján

Bibliográfiai részletek
Szerzők: Tóth Gitta
Szennay Áron
Jáki Erika
Dokumentumtípus: Könyv része
Megjelent: Budapesti Gazdaságtudományi Egyetem Budapest, Magyarország 2026
Sorozat:Researchers’ Day Conference Proceedings – Budapest University of Economics and Business 2025
Tárgyszavak:
doi:10.29180/978-615-6886-26-2_7

Kulcsszavak:informális befektetők
Global Entrepreneurship Monitor
üzleti angyalok
új vállalkozások
Online Access:http://publikaciotar.uni-bge.hu/2629

MARC

LEADER 00000naa a2200000 i 4500
001 publ2629
005 20260325082103.0
008 260324s2026 hu o 000 zxx d
020 |a 978-615-6886-26-2 
024 |a 10.29180/978-615-6886-26-2_7  |2 doi 
040 |a BGE Publikációtár Repozitórium  |b hun 
100 1 |a Tóth Gitta 
245 1 0 |a Üzleti angyalok és informális befektetők Magyarországon  |b a Global Entrepreneurship Monitor 2021–2024 adatai alapján  |c Tóth Gitta  |h [elektronikus dokumentum] 
260 |a Budapesti Gazdaságtudományi Egyetem  |b Budapest, Magyarország  |c 2026 
300 |a 1-10 
490 0 |a Researchers’ Day Conference Proceedings – Budapest University of Economics and Business 2025 
520 3 |a Az informális befektetők kulcsszerepet játszanak az új vállalkozások finanszírozásában. A vállalkozói tapasztalattal is rendelkező informális befektetők, vagyis az üzleti angyalok emellett ismereteik és üzleti kapcsolataik átadásával nagyban hozzájárulhatnak az induló vállalkozások sikeréhez. Piaci jelenlétük és aktivitásuk növeli a vállalkozásindítási hajlandóságot. Bár a téma megjelent a hazai szakirodalomban, az elmúlt évtizedben nem készült friss adatokon alapuló empirikus kutatás. Kutatásunk a Global Entrepreneurship Monitor által 2021 és 2024 között gyűjtött felnőtt lakossági felmérés (Adult Population Survey) adataira épül. A Global Entrepreneurship Monitor informális befektetőkre és üzleti angyalokra vonatkozó kérdésblokkját használjuk annak meghatározására, hogy mi jellemzi ezt a befektetői csoportot, mekkora az informális befektetők aránya magyar lakosság körében, valamint nemzetközi összevetésben, és hogyan alakult a befektetett összeg nagysága. Leíró statisztikai módszereket, így különösen megoszlási viszonyszámokat, korrelációelemzést, valamint esélyhányadosokat alkalmazunk a magyar informális befektetők jellemzőinek és azok időbeli változásainak vizsgálatára. Eredményeink szerint az informális befektetők aránya a magyar lakosságon belül 2021 és 2024 között 2,8% és 4,0% között mozgott, miközben az átlagos befektetési összeg jelentősen, 3,6 millió forintról kevesebb, mint a felére csökkent. Ezzel párhuzamosan jelentősen nőtt a vállalkozók aránya a befektetők között. 
650 4 |a közgazdaságtudományok 
695 |a informális befektetők 
695 |a Global Entrepreneurship Monitor 
695 |a üzleti angyalok 
695 |a új vállalkozások 
700 1 |a Szennay Áron  |e aut 
700 1 |a Jáki Erika  |e aut 
856 4 0 |u https://publikaciotar.uni-bge.hu/id/eprint/2629/1/KUTAT%C3%93I%20NAP%202025%20-%20Full%20edition%20%28revised%29_7%20cikk.pdf  |z Dokumentum-elérés